| 000 | 00869nam a2200301 a 4500 | ||
|---|---|---|---|
| 001 | vtls001439957 | ||
| 003 | NLI | ||
| 005 | 20210627122016.0 | ||
| 008 | 121130s1993 ii 000 0 eng | ||
| 020 | _cRs. 30.00 (pbk.) | ||
| 039 | 9 |
_y201211301651 _zVLOAD |
|
| 040 |
_aNLI _beng _cDatasoft_GENG _eAACR2 |
||
| 041 | 0 | _aeng | |
| 044 | _aii | ||
| 082 | 0 | 4 | _a543 |
| 100 | 1 |
_aParasuram, A. N. _91003521 |
|
| 245 | 1 | 0 |
_aMinerva guide to a spectrum of verse / _cby A. N. Parasuram ; edited by Robert Burns |
| 260 |
_aMadras : _bMinerva Pub. House, _c1993 |
||
| 300 |
_aiv, 143 p. ; _c18 cm. |
||
| 650 | 0 |
_aSpectrum analysis _9714303 |
|
| 700 | 1 |
_aBurns, Robert, _4edt _91003522 |
|
| 887 | _a | ||
| 901 |
_aDB65485 _b03.06.1994 |
||
| 902 | _aE 543 P 212 | ||
| 904 | _l1385 | ||
| 949 |
_AVIRTUAITEM _D10000 _X100 _6DBA000065485ENG |
||
| 942 |
_2ddc _cBKS |
||
| 999 |
_aVIRTUA40 _c891701 _d891701 |
||